| 000 | 00426nam a2200169Ia 4500 | ||
|---|---|---|---|
| 005 | 20250117093101.0 | ||
| 008 | 231217s9999 xx 000 0 und d | ||
| 020 | _a9780070144910 | ||
| 082 | _a658.8 SAX;6 R | ||
| 100 | _aSaxena, Rajan. | ||
| 245 | 0 | _aMarketing management | |
| 250 | _a4th ed. | ||
| 260 |
_c2009 _bTata McGraw-Hill _aNew Delhi |
||
| 300 | _axxix, 883 | ||
| 650 | _aMarketing,management | ||
| 942 | _cAA | ||
| 999 |
_c188551 _d188551 |
||